[Event "Stare Mesto op"]
[Site "Stare Mesto"]
[Date "2007.08.13"]
[Round "5"]
[White "Weglarz, Leszek"]
[Black "Vojtek, Vladimir"]
[Result "1/2-1/2"]
[WhiteElo "2283"]
[BlackElo "2352"]
[PlyCount "84"]
[EventDate "2007.08.10"]
[EventType "swiss"]
[EventRounds "10"]
[EventCountry "CZE"]
[SourceTitle "CBM 119 Extra"]
[Source "ChessBase"]
[SourceDate "2007.09.04"]
[SourceVersion "1"]
[SourceVersionDate "2007.09.04"]
[SourceQuality "1"]

1. f4 c5 2. Nf3 Nc6 3. g3 g6 4. Bg2 Bg7 5. 0-0 d5 6. d3 Nf6 7. c3 0-0 8. Na3 Rb8 9. Nc2 b5 10. Kh1 b4 11. cxb4 cxb4 12. Ne5 Bb7 13. Nxc6 Bxc6 14. Nd4 Bd7 15. Be3 Qc8 16. Qd2 Bh3 17. Rfc1 Bxg2+ 18. Kxg2 Qb7 19. h3 Rfc8 20. Rxc8+ Rxc8 21. Rc1 a5 22. Rxc8+ Qxc8 23. a3 Qb7 24. axb4 axb4 25. Qc2 e6 26. Qc6 Qb8 27. Nb5 Qe8 28. Qxe8+ Nxe8 29. b3 Bf8 30. Bd4 f5 31. Kf3 Kf7 32. e4 Nd6 33. Nxd6+ Bxd6 34. exd5 exd5 35. h4 Ke6 36. Be3 Be7 37. d4 Bf8 38. Bf2 Bg7 39. Be3 Bf6 40. Bf2 Kf7 41. Be3 Kg7 42. Bf2 Kh6 1/2-1/2